| 000 | 01499cam a22003857a 4500 | ||
|---|---|---|---|
| 001 | 14913555 | ||
| 003 | OSt | ||
| 005 | 20141107164055.0 | ||
| 008 | 070702s2007 enkaf 001 0 eng | ||
| 010 | _a 2007407904 | ||
| 015 |
_aGBA635974 _2bnb |
||
| 016 | 7 |
_a013436859 _2Uk |
|
| 020 | _a9780340927465 (pbk.) | ||
| 020 | _a0340927461 (pbk.) | ||
| 035 | _a(OCoLC)ocm65467949 | ||
| 040 |
_aUKM _cUKM _dBAKER _dBWKUK _dBTCTA _dYDXCP _dDLC |
||
| 042 | _alccopycat | ||
| 050 | 0 | 0 |
_aRC280.I5 _bN68 2007 |
| 082 | 0 | 4 |
_aQZ 200 N75y 2007 _222 |
| 100 | 1 |
_aNorthover, John. _91944 |
|
| 245 | 1 | 0 |
_aYour guide to bowel cancer / _cJohn Northover, Joel Kettner, Barry Paraskeva. |
| 246 | 3 | _aRoyal Society of Medicine your guide to bowel cancer | |
| 260 |
_aLondon : _bHodder Arnold, _c2007. |
||
| 300 |
_axvi, 223 p., [8] p. of plates : _bill. (some col.) ; _c20 cm. |
||
| 500 | _aIncludes index. | ||
| 650 | 0 |
_aIntestines _xCancer _vPopular works. _91945 |
|
| 700 | 1 |
_aKettner, Joel D. _91946 |
|
| 700 | 1 |
_aParaskeva, Barry. _91947 |
|
| 710 | 2 |
_aRoyal Society of Medicine (Great Britain) _91948 |
|
| 856 | 4 | 1 |
_3Table of contents only _uhttp://www.loc.gov/catdir/toc/fy0715/2007407904.html |
| 856 | 4 | 2 |
_3Publisher description _uhttp://www.loc.gov/catdir/enhancements/fy0737/2007407904-d.html |
| 906 |
_a7 _bcbc _ccopycat _d2 _encip _f20 _gy-gencatlg |
||
| 942 |
_2z _cSLOAN |
||
| 999 |
_c730 _d730 |
||